000
00265nam a22001217a 4500
008
170324b xxu||||| |||| 00| 0 eng d
041
_a
eng
080
_2
9780880118118
_a
615.82
100
_a
8
101
_a
SHM
245
_a
TRIATHLON 101
_c
MORA, J
942
_2
udc
_c
BK
999
_c
8581
_d
8581